| 000 | 00803nam a2200301Ia 4500 | ||
|---|---|---|---|
| 008 | 170203s9999 xx 000 0 und d | ||
| 020 | _a0-316014877 | ||
| 050 | _aFIc | ||
| 050 | _bC784j | ||
| 100 | _aConford, Ellen. | ||
| 245 | _aJenny Archer, author / | ||
| 245 | _cby Ellen Conford ; interior illustrations by Diane Palmisciano ; cover illustration by Erik Brooks. | ||
| 260 | _aNew York : | ||
| 260 | _bLittle, Brown, | ||
| 260 | _c2006 | ||
| 300 | _a61 pages : | ||
| 300 | _billustrations ; | ||
| 300 | _c20 cm. | ||
| 650 | _aHumorous stories. | ||
| 650 | _aImagination -- | ||
| 650 | _aImagination -- | ||
| 650 | _aSchools -- | ||
| 650 | _aSchools -- | ||
| 650 | _xFiction. | ||
| 650 | _xFiction. | ||
| 650 | _xJuvenile fiction. | ||
| 650 | _xJuvenile fiction. | ||
| 999 |
_c306401 _d306401 |
||